Právní formy uspokojování bytových potřeb v ČSSR

Na minha lista:
Detalhes bibliográficos
Autor principal: Čížkovská, Věra
Formato: Livro
Idioma:tcheco
Publicado em: Praha Academia 1968
Colecção:Rozpravy ČSAV
Tags: Adicionar Tag
Sem tags, seja o primeiro a adicionar uma tag!

MARC

LEADER 00000nam a2200000 4500
001 c122439
005 20240419073436.6
041 0 |a cze 
044 |a CZ 
245 1 0 |a Právní formy uspokojování bytových potřeb v ČSSR  |c Věra Čížkovská 
264 1 |a Praha  |b Academia  |c 1968 
300 |a 80 s. 
490 1 |a Rozpravy ČSAV 
830 0 |a Rozpravy ČSAV 
100 1 |a Čížkovská, Věra